Gaming Quiz

Random Gaming or Pokémon Quiz

Hardcore Pokemon Facts Quiz Stats

 Plays Quiz not verified by Sporcle

Score 0/26 Timer 07:00
0 Plays Today
Question Answer % Correct
First Pokemon ever programmed into the games?Rhydon
71.5%
Worst Pokemon by stats alone?Sunkern
49.3%
There is one pokemon game that was not released in America in the 1990s. What was it?Pokemon Green
47.6%
Was going to be Ash's pokemon until Pikachu proved to be more popular.Clefairy
41.1%
All of Eevee's evolutions have types that were categorized as special prior to generaion IV, but one type is yet to be accounted for. Which is it?Dragon
35%
Explosion has an effective base power of what?500
31.9%
Your rival in Red/Blue/Yellow does not have this pokemon starting with the battle in Lavander Town.Raticate
29.2%
Pokemon creator Satoshi Tajiri was inspired to make pokemon by what?Bug Catching
20.8%
The type combination Dragon/Fire hits every pokemon for neutral or supereffective damage except for what?Heatran
19.8%
Pokemon creator Satoshi Tajiri's favorite Pokemon?Poliwhirl
18.6%
According to official sources, how old is Team Galactic Leader Cyrus?27
15.2%
Focus Energy did what in Red/Blue/Yellow?lowers critical hit rate
15%
In Pokemon Black and White, there is a move called Afro Break. It is identical to Double-Edge, except for what?Recoil
12.3%
Question Answer % Correct
Gary's Japanese name is based on what game creator?Shigeru Miyamoto
10.6%
If a Spiritomb is hacked to have the ability Wonder Guard, there is one move that will still hit it. What is it?Fire Fang
9.7%
Sinnoh is physically based off of which Japanese island?Hokkaido
7.7%
What was Gyarados' planned English name?Skullkraken
7.2%
What was the name of the project that eventually became Pocket Monsters, then Pokemon?Capsule Monsters
6.3%
This popular satire website had one of its members on the English translation team for Diamond/Pearl.SomethingAwful
5.1%
What are Koffing and Weezing based off of?Sea mines
4.8%
What is Lucario's name origin?Oracle
4.6%
What real-life animal is Cradily based on?Sea Lily
4.1%
What real-life animal is Armaldo based on?Anomalocaris
3.4%
In Japanese, Cyrus and Cynthia's names come from what colors?Red and White
3.1%
What pokemon has an entire song devoted to it in real life?Electrode
2.2%
Bronzong is based on what Japanese artifact?Dotaku
1.2%

You're not logged in!

Compare scores with friends on all Sporcle quizzes.
OR
Log In

Show Comments

Extras

Created Oct 13, 2010ReportNominate
Tags:Pokémon Quiz, extra, hardcore

Top Quizzes Today


Score Distribution

Your Account Isn't Verified!

In order to create a playlist on Sporcle, you need to verify the email address you used during registration. Go to your Sporcle Settings to finish the process.

Report this User

Report this user for behavior that violates our Community Guidelines.

Details: